00821nam a2200205 i 4500001000700000003000900007005001700016007000300033008004100036100004100077245016000118260003600278300002200314700003800336700002800374700005400402852002100456999001900477952011900496145421ES-MaACL20250728105426.0t|070214s1907 fr r ||||1| fre d1 aSpencer, Herbert,d1820-1903910768410aUne autobiographie / cHerbert Spencer ; traduction et adaptation par Henry de Varigny ; avec la collaboration de J. de Mestrel-Combremont , G. de Varigny. aParis : bCh. Herissey, c1907. a550 p. ; c23 cm.1 aMestrel-Combremont, J. de.9807081 aVarigny, G. de.91132271 aVarigny, Henry Crosnier de (d1855-1934?)9157468 aES-MaACLjB-5579 c145421d145421 00104070aATENEOMbATENEOMcSPBd2008-01-17eSCl0oB-5579p1151797r2023-02-23 00:00:00w2023-02-23yMONOGRAFIA